| 000 | 00935cam a2200325 a 4500 | ||
|---|---|---|---|
| 001 | 1578078 | ||
| 003 | OSt | ||
| 005 | 20140310184319.0 | ||
| 008 | 930714s1994 nyu j 000 1 eng | ||
| 010 | _a 93011814 | ||
| 020 | _a0590605135 | ||
| 040 |
_aDLC _cDLC _dDLC |
||
| 042 | _alcac | ||
| 050 | 0 | 0 |
_aPZ 7 _b.F23814 1995 |
| 100 | 1 |
_aFarmer, Nancy, _d1941- _923525 |
|
| 245 | 1 | 4 |
_aThe ear, the eye, and the arm / _cNancy Farmer. |
| 260 |
_aNew York : _bscholastic, _c1995. |
||
| 300 |
_a311 p. : _c23 cm. |
||
| 521 | _aG4 | ||
| 526 | _c660 | ||
| 650 | 1 | _aScience fiction. | |
| 650 | 1 |
_aBlacks _zZimbabwe _xFiction. _923526 |
|
| 651 | 1 |
_aZimbabwe _xFiction. _923527 |
|
| 906 |
_a7 _bcbc _corignew _d1 _eocip _f19 _gy-gencatlg |
||
| 942 |
_2lcc _cBK-SCHOLAS |
||
| 999 |
_c33586 _d33586 |
||